Quizzes
Events
Quiz Creation
Community
Videos
Private Events
Remove Ads
Sign In
Join for FREE
Feedback
Dark Mode
Quiz Categories
Sports
Geography
Music
Movies
Television
Just For Fun
Miscellaneous
History
Literature
Language
Science
Gaming
Entertainment
Religion
Holiday
For Kids
Quiz Lab
Recent
Popular Today
Quiz Kudos Today
Editor Picks
Curator Picks
Quizzes by...
Day
Popularity
Type
Ratings
Length
Year
Community
Subscriptions
Recent Discussions
Orange Saloon
Badges
Playlists
Quests
Create
Leaderboards
Showdown
Live 5
Trivia Bingo
Activity
Puzzle Library
Sporcle Events
Private Events
Virtual Trivia
Globe League
Become a Host
Pub Owners
SporcleCon
Opinionation
Our Games
Videos
Blog
Mobile Apps
Partnerships
Remove Ads and Go Orange
Feedback
Sports
Athletes
MLB
NBA
NHL
NFL
Soccer
Sports Teams
WWE
NCAA
Football
Premier League
Basketball
Baseball
Hockey
Golf
Tennis
Cricket
Rugby
Auto Racing
Olympics
World Cup
Sports
Athletes
MLB
NBA
NHL
NFL
Soccer
Sports Teams
WWE
NCAA
Football
Premier League
Basketball
Baseball
Hockey
Golf
Tennis
Cricket
Rugby
Auto Racing
Olympics
World Cup
Random Quiz
Search Sporcle
×
Quiz Lab
Quiz Lab
Sports
College
Type in answers that appear in a list
Type in answers that appear in a list
Classic
Best Score? Go Orange.
BCS Colleges Stats
Can you name the BCS Colleges?
By
tjohnson
10m
66 Questions
485 Plays
485 Plays
485 Plays
Comments
Comments
Give Quiz Kudos
Give Quiz Kudos
-
- Ratings
hide this ad
Replay
Link that replays current quiz
Next Quiz
Link to next quiz in quiz playlist
You Got
0%
They Got
Avg Score
90%
Avg Friend Score
Upgrade to see
Score Distribution
Jump to the score distribution portion of the page
Score
0/66
Timer
10:00
0
Plays Today
% Correct
Texas Longhorns
97.7%
Michigan Wolverines
96.9%
Alabama Crimson Tide
96.9%
Florida Gators
96.7%
Georgia Bulldogs
96.1%
Texas Tech Red Raiders
96.1%
Oklahoma Sooners
96.1%
Ohio State Buckeyes
95.9%
Michigan State Spartans
95.5%
Iowa Hawkeyes
95.3%
Arizona Wildcats
95.3%
USC Trojans
95.1%
Oregon Ducks
95.1%
Illinois Fighting Illini
94.6%
North Carolina Tar Heels
94.6%
Kansas Jayhawks
94.6%
Washington Huskies
94.6%
Florida State Seminoles
94.4%
Texas A&M Aggies
94.4%
Indiana Hoosiers
94%
Oregon State Beavers
93.8%
Virginia Cavaliers
93.6%
Oklahoma State Cowboys
93.6%
Arizona State Sun Devils
93.4%
UCLA Bruins
93.2%
Nebraska Cornhuskers
93%
Penn State Nittany Lions
92.8%
Wisconsin Badgers
92.8%
Minnesota Golden Gophers
92.6%
Tennessee Volunteers
92.4%
Auburn Tigers
92.4%
Washington State Cougars
92.4%
Virginia Tech Hokies
92.2%
% Correct
Georgia Tech Yellow Jackets
92.2%
Miami (FL) Hurricanes
92.2%
Kansas State Wildcats
92.2%
LSU Tigers
92%
Mississippi Rebels
91.8%
Kentucky Wildcats
91.5%
Arkansas Razorbacks
91.3%
Duke Blue Devils
90.3%
Colorado Buffaloes
90.3%
South Carolina Gamecocks
90.1%
California Golden Bears
90.1%
Iowa State Cyclones
89.5%
West Virginia Mountaineers
88.7%
Northwestern Wildcats
88.5%
Missouri Tigers
88%
Mississippi State Bulldogs
87.8%
Stanford Cardinal
87.8%
Boston College Eagles
86.8%
Baylor Bears
86.4%
Pittsburgh Panthers
86.2%
Maryland Terrapins
86%
Syracuse Orange
85.8%
Clemson Tigers
85.6%
Vanderbilt Commodores
85.4%
Rutgers Scarlet Knights
84.9%
Louisville Cardinals
84.3%
Purdue Boilermakers
83.7%
NC State Wolf Pack
83.5%
Connecticut Huskies
82.1%
Wake Forest Demon Deacons
81.9%
Notre Dame Fighting Irish
81.2%
Cincinnati Bearcats
80.8%
South Florida Bulls
74.8%
Quiz Playlist
Details
Report
Send in Message
Add To Playlist
Classic:
Type in answers that appear in a list
Last Updated: Feb 16, 2017
Quiz Scoreboard
CHALLENGE
Sign Up to Join the Scoreboard
Show All
Scores
Hide
Comments
May contain spoilers
Recently Published
College Basketball Coaching Resumes
by pancakes188
Sports
9m
Billboard Blitz: Fleetwood Mac
by CooCooCachoo
Music
15s
Presidents Visiting Landmarks
by Hejman
History
7m
More to Explore
Quiz From the Vault
Featured Blog Post
Where Did the Easter Bunny Come From?
hide this ad
You Might Also Like...
Tags
College Quiz
BCS
Today's Top Quizzes in Sports
Browse Sports
hide this ad
Today's Top Quizzes in College
Browse College
Top Contributed Quizzes in Sports
1
Les meilleurs buteurs des matchs entre le PSG et l’OM
2
2022 World Cup Stars
3
FIFA Club World Cup Champions
4
Les entraîneurs de l'OM et du PSG au 21e siècle
5
Criteria MLB: Left Handed Sluggers
6
AFC Teams Reveal (Wrong Answers Minefield)
7
5-to-1: UK Sports Teams
8
Name the Premier League winners with different clubs
9
5-to-1: FBS Animal Nicknames
10
Players with Multiple 50 Home Run Seasons
Explore More
Trending Topics
Kpop
Anime
Disney
Marvel
NBA
Crossword
Harry Potter
Country
Puzzle
Song
The Office
WWE
Pokémon
NFL
Soccer
hide this ad
More By:
tjohnson
Quiz
Plays
Rating
Category
Featured
Created
BCS Colleges
485
2.63
Sports
Sep 26, 2010
Go to Creator's Profile
Score Distribution
Quiz Creator Spotlight
tjohnson
Follow
Send a Message
Quizzes Created
-
Created Quiz Play Count
-
More By This Creator
Popular Quizzes Today
1
Find the US States - No Outlines Minefield
2
Find the Countries of Europe - No Outlines Minefield
3
The Countries of the World
4
Find the US States
5
Risky Map Clicking: Biggest States A-Z
6
US States
7
Popular People in 1961
8
Movies - When Are They Set?
More Sports Quizzes
Missing Word: 'E' & 'F' Pro Football Hall of Famers
Curator's Pick
Trending Quizzes
Risky Map Clicking: Least Populous States A-Z
1-10 Letter G Words
1-10 Letter F Words
Risky Map Clicking: Next State Alphabetically
Click the Washington State Counties! (Map)
Recently Updated
Leaping Animals
pecheneg
Reality TV Shows (A-Z)
bhenderson79
Rickey Henderson's Hall of Fame Teammates
pecheneg
Champions League XIs: Arsenal
pecheneg
Quick Pick: Celebrities in WWE's Hall of Fame
aduchscher
A-Z Keypad Blitz II
pecheneg
Multiple Oscar Actors
pecheneg
Mystery Phrase Blitz: Oscar 'Best Actors'
pecheneg
F. Scott Fitzgerald Novels
LTH
Pick 3 Villains
ddd62291
Trending Topics
Anime
NBA
Disney
Harry Potter
Kpop
Crossword
Marvel
Puzzle
Pokémon
NFL
Soccer
WWE
Song
Country
The Office
Your Account Isn't Verified!
In order to create a playlist on Sporcle, you need to verify the email address you used during registration. Go to your
Sporcle Settings
to finish the process.
Report this User
Report this user for behavior that violates our
Community Guidelines
.
Details:
Send Report
Go to the Sporcle.com Mobile Site →
Comments